AHS Characters - Sudden Death - Statistics

General Stats
  • This quiz has been taken 48 times
  • The average score is 4 of 13
Answers on the Grid
Answers color-coded by a green-red scale on the quiz's grid according to % correct below.
moira o'hara
pepper
zoe benson
tate langdon
constance langdon
lana winters
madison montgomery
nora montgomery
queenie
adelaide langdon
ben harmon
chad warwick
kit walker
billie dean howard
cordelia goode
dandy mott
the countess
hayden mcclaine
hallie
james patrick march
kai anderson
violet harmon
mr gallant
elsa mars
dr arden
marie laveau
nora montgomery
jimmy darling
winter anderson
troy and bryan
 
Answer Stats
Answer % Correct
moira o'hara
85%
tate langdon
54%
constance langdon
31%
troy and bryan
27%
ben harmon
23%
nora montgomery
23%
adelaide langdon
19%
nora montgomery
19%
billie dean howard
15%
hayden mcclaine
15%
violet harmon
15%
chad warwick
12%
hallie
12%
No matching quizzes found
Score Distribution
Percent of People with Each Score
Percentile by Number Answered
Your Score History
You have not taken this quiz